THE RINGMASTER'S SECRET (Record no. 8917)
[ view plain ]
| 000 -LEADER | |
|---|---|
| fixed length control field | 00793nam a22002057a 4500 |
| 003 - CONTROL NUMBER IDENTIFIER | |
| control field | OSt |
| 005 - DATE AND TIME OF LATEST TRANSACTION | |
| control field | 20260311021451.0 |
| 008 - FIXED-LENGTH DATA ELEMENTS--GENERAL INFORMATION | |
| fixed length control field | 260311b |||||||| |||| 00| 0 eng d |
| 020 ## - INTERNATIONAL STANDARD BOOK NUMBER | |
| International Standard Book Number | 0448095319 |
| 040 ## - CATALOGING SOURCE | |
| Original cataloging agency | DWCK GS lib |
| Transcribing agency | OC |
| 082 ## - DEWEY DECIMAL CLASSIFICATION NUMBER | |
| Classification number | Fic. K26n 1974 |
| 100 ## - MAIN ENTRY--PERSONAL NAME | |
| Personal name | Keene Carolyn |
| 245 ## - TITLE STATEMENT | |
| Title | THE RINGMASTER'S SECRET |
| Statement of responsibility, etc. | Carolyn Keene |
| 260 ## - PUBLICATION, DISTRIBUTION, ETC. | |
| Place of publication, distribution, etc. | New York |
| Name of publisher, distributor, etc. | Carolyn Keene |
| Date of publication, distribution, etc. | 1953 |
| 300 ## - PHYSICAL DESCRIPTION | |
| Extent | Extent- vii, 178 pages: |
| Other physical details | illustrations ; |
| Dimensions | 20cm |
| 520 ## - SUMMARY, ETC. | |
| Summary, etc. | Nancy investigates a crooked circus ringmaster, Mr. Kroon, who is exploiting performers and searching for a hidden treasure |
| 650 ## - SUBJECT ADDED ENTRY--TOPICAL TERM | |
| Topical term or geographic name entry element | . The "conduct of life" in this context refers to the behaviors, themes, and personal conduct of the characters navigating this environment. |
| 700 ## - ADDED ENTRY--PERSONAL NAME | |
| Personal name | Carolyn Keene |
| 942 ## - ADDED ENTRY ELEMENTS (KOHA) | |
| Source of classification or shelving scheme | Dewey Decimal Classification |
| Koha item type | Fiction |
| Suppress in OPAC | No |
No items available.